Statistics for 15 Largest cities in Florida

Click here to take the quiz!

General Stats

  • This quiz has been taken 14 times
  • The average score is 8 of 15

Answer Stats

Rank Answer % Correct
1Jacksonville
100%
2Miami
100%
3Tampa
93%
7Tallahassee
93%
4Orlando
86%
5St. Petersburg
79%
6Hialeah
57%
10Fort Lauderdale
50%
8Port St. Lucie
43%
9Cape Coral
43%
13Miramar
21%
15Gainesville
21%
12Hollywood
14%
14Coral Springs
14%
11Pembroke Pines
7%

Score Distribution

Percentile by Number Answered

Percent of People with Each Score

Your Score History

You have not taken this quiz